1737 1979 1985 1592 1500 1856 1226 1257 1947 1627 1917 1156 1005 1724 1196 1220 1479 1507 1265 1276 1226 1343 1526 1606 1500 1268 1308 1301 1253 1955 1310 1383 1372 1252 1989 1403 1660 1668 1348 1658 1507 1265 1351 1129 1591 1055 1258 1691 1329 1269 1471 1533 1419 1316 1475 1616 1902 1799 1447 1858 1011 1940 1351 1902 1573 1998 1843 1175 1731 1028 1466 1188 1525 1620 1915 1009 1390 1196 1580 1421 1268 1197 1949 1371 1864 1885 1044 1698 1059 1541 1796 1901 1500 1928 1194 1232 1768 1572 1801 BCNSPRNW ULIB Ver.6.0+V

เปลี่ยนเป็นภาษาไทย

Change to English
 แสดงรายละเอียดบรรณานุกรม
  กลับหน้าหลัก

Brief Record : Get Marc (ISO 2709) : E-mail record : QR code < ปิดหน้าต่าง
LEADER : 00000nam 2200000uu 4500
001    13399120083
003     ULIB
008    120829s2554||||th 000 0 tha d
020    ^a9789748133584
060 04 ^aWY157^bม140ก
245 00 ^aการพยาบาลหญิงตั้งครรภ์ :^bที่มีภาวะแทรกซ้อนจากการตั้งครรภ์/^cมณีภรณ์ โสมานุสรณ์, บรรณาธิการ ; ดวงฤทัย ศรีสุจริต, ผู้เรียบเรียง ... [และคนอื่นๆ]
250    ^aพิมพ์ครั้งที่ 2
260    ^aนนทบุรี :^bโครงการสวัสดิการวิชาการ สถาบันพระบรมราชชนกสถาบันพระบรมราชชนก,^c2554
300    ^a215 หน้า :^bภาพประกอบ ;^c26 ซม.
650  7 ^aการพยาบาลสูติศาสตร์
650  7 ^aครรภ์^xการพยาบาล
650  7 ^aภาวะแทรกซ้อนขณะมีครรภ์^xการพยาบาล
650  7 ^aสตรีมีครรภ์^xการพยาบาล
700 0  ^aมณีภรณ์ โสมานุสรณ์,^eบรรณาธิการ
700 0  ^aดวงฤทัย ศรีสุจริต
710 2  ^aสถาบันพระบรมราชชนก. ^bโครงการสวัสดิการวิชาการ
945    ^p295^l0^i19319
945    ^p295^l0^i19320
945    ^p295^l0^i19321
945    ^p295^l0^i19322
945    ^p295^l0^i19323
945    ^p295^l0^i15609
945    ^p295^l0^i20527
945    ^p295^l0^i20528
945    ^p295^l0^i20529
945    ^p295^l0^i20530
945    ^p295^l0^i20531
945    ^p295^l0^i20532
945    ^p295^l0^i20533
945    ^p295^l0^i20534
945    ^p295^l0^i20535
945    ^p295^l0^i20536
995    ^aกัณชพร
999    ^aใช้งานได้ทุกระบบ
รายการนี้ยังไม่มีแท็ก
คุณยังไม่ได้ล็อกอิน คุณสามารถมีกิจกรรมร่วมกับเว็บไซต์ได้ แต่ต้องล็อกอินก่อน ::
  ล็อกอิน

รายการสื่อสารสนเทศ

ลำดับที่ ประเภท เลขเรียก/บาร์โค้ด สถานที่ สถานะ
1. Book การพยาบาล
Book การพยาบาล
สถานะ=หนังสือเก่า
WY157 ม140ก  
  Barcode: 19319
ห้องสมุดวิทยาเขตนครสวรรค์
►ส่วนจัดเก็บหนังสือเก่า นว.
บนชั้น
  ขอยืม
2. Book การพยาบาล
Book การพยาบาล
สถานะ=หนังสือเก่า
WY157 ม140ก ฉ.10 
  Barcode: 20530
ห้องสมุดวิทยาเขตนครสวรรค์
►ส่วนจัดเก็บหนังสือเก่า นว.
บนชั้น
  ขอยืม
3. Book การพยาบาล
Book การพยาบาล
สถานะ=หนังสือเก่า
WY157 ม140ก ฉ.11 
  Barcode: 20531
ห้องสมุดวิทยาเขตนครสวรรค์
►ส่วนจัดเก็บหนังสือเก่า นว.
บนชั้น
  ขอยืม
4. Book การพยาบาล
Book การพยาบาล
สถานะ=หนังสือเก่า
WY157 ม140ก ฉ.12 
  Barcode: 20532
ห้องสมุดวิทยาเขตนครสวรรค์
►ส่วนจัดเก็บหนังสือเก่า นว.
บนชั้น
  ขอยืม
5. Book การพยาบาล
Book การพยาบาล
สถานะ=หนังสือเก่า
WY157 ม140ก ฉ.13 
  Barcode: 20533
ห้องสมุดวิทยาเขตนครสวรรค์
►ส่วนจัดเก็บหนังสือเก่า นว.
บนชั้น
  ขอยืม
6. Book การพยาบาล
Book การพยาบาล
สถานะ=หนังสือเก่า
WY157 ม140ก ฉ.14 
  Barcode: 20534
ห้องสมุดวิทยาเขตนครสวรรค์
►ส่วนจัดเก็บหนังสือเก่า นว.
บนชั้น
  ขอยืม
7. Book การพยาบาล
Book การพยาบาล
สถานะ=หนังสือเก่า
WY157 ม140ก ฉ.15 
  Barcode: 20535
ห้องสมุดวิทยาเขตนครสวรรค์
►ส่วนจัดเก็บหนังสือเก่า นว.
บนชั้น
  ขอยืม
8. Book การพยาบาล
Book การพยาบาล
สถานะ=หนังสือเก่า
WY157 ม140ก ฉ.16 
  Barcode: 20536
ห้องสมุดวิทยาเขตนครสวรรค์
►ส่วนจัดเก็บหนังสือเก่า นว.
บนชั้น
  ขอยืม
9. Book การพยาบาล
Book การพยาบาล
สถานะ=หนังสือเก่า
WY157 ม140ก ฉ.2 
  Barcode: 19320
ห้องสมุดวิทยาเขตนครสวรรค์
►ส่วนจัดเก็บหนังสือเก่า นว.
บนชั้น
  ขอยืม
10. Book การพยาบาล
Book การพยาบาล
WY157 ม140ก ฉ.3 
  Barcode: 19321
ห้องสมุดวิทยาเขตนครสวรรค์
►หนังสือทั่วไป:l:General Books
บนชั้น
11. Book การพยาบาล
Book การพยาบาล
สถานะ=หนังสือเก่า
WY157 ม140ก ฉ.4 
  Barcode: 19322
ห้องสมุดวิทยาเขตนครสวรรค์
►ส่วนจัดเก็บหนังสือเก่า นว.
บนชั้น
  ขอยืม
12. Book การพยาบาล
Book การพยาบาล
สถานะ=หนังสือเก่า
WY157 ม140ก ฉ.5 
  Barcode: 19323
ห้องสมุดวิทยาเขตนครสวรรค์
►ส่วนจัดเก็บหนังสือเก่า นว.
บนชั้น
  ขอยืม
13. Book การพยาบาล
Book การพยาบาล
WY157 ม140ก ฉ.6 
  Barcode: 15609
ห้องสมุดวิทยาเขตนครสวรรค์
►ส่วนจัดเก็บหนังสือเก่า นว.
บนชั้น
  ขอยืม
14. Book การพยาบาล
Book การพยาบาล
สถานะ=หนังสือเก่า
WY157 ม140ก ฉ.7 
  Barcode: 20527
ห้องสมุดวิทยาเขตนครสวรรค์
►ส่วนจัดเก็บหนังสือเก่า นว.
บนชั้น
  ขอยืม
15. Book การพยาบาล
Book การพยาบาล
สถานะ=หนังสือเก่า
WY157 ม140ก ฉ.8 
  Barcode: 20528
ห้องสมุดวิทยาเขตนครสวรรค์
►ส่วนจัดเก็บหนังสือเก่า นว.
บนชั้น
  ขอยืม
16. Book การพยาบาล
Book การพยาบาล
สถานะ=หนังสือเก่า
WY157 ม140ก ฉ.9 
  Barcode: 20529
ห้องสมุดวิทยาเขตนครสวรรค์
►ส่วนจัดเก็บหนังสือเก่า นว.
บนชั้น
  ขอยืม

รายการใกล้เคียง
    หัวเรื่อง [การพยาบาลสูติศาสตร์]
    หัวเรื่อง [ครรภ์ การพยาบาล]
    หัวเรื่อง [สตรีมีครรภ์ การพยาบาล]

BibComment


ยังไม่เคยถูกคอมเมนท์

คอมเมนท์ทรัพยากรรายการนี้
  คอมเมนท์: การพยาบาลหญิงตั้..


 Copyright 2026. Bcnsprnw @Library